| 000 | 00453pam a2200145a 44500 | ||
|---|---|---|---|
| 008 | 230405s xxu||||| |||| 00| 0 eng d | ||
| 041 | _aENG | ||
| 100 | _aRASTOGI RAM / MEHROTRA B. | ||
| 245 | _aCOMPEDIUM OF INDIAN MEDICINAL PLANTS VOL 6 CUMULATIVE PLANT INDEX VOL 15 ERRATA VOL 14 | ||
| 250 | _a1998 | ||
| 260 |
_aNEW DELHI _bNATIONAL INSTITUTE OF SCIENCE COMMUNICATION AND IN NEW DELHI _c |
||
| 300 | _a177 | ||
| 650 | _aPHARMACOGNOSY | ||
| 906 | _a1254 | ||
| 999 |
_c266693 _d266693 |
||